The silk and spice routes. (Record no. 14948)
[ view plain ]
| 000 -LEADER | |
|---|---|
| fixed length control field | 00747cam a2200277 a 4500 |
| 020 ## - INTERNATIONAL STANDARD BOOK NUMBER | |
| ISBN | 0027263169 |
| 040 ## - CATALOGING SOURCE | |
| Transcribing agency | DLC |
| 082 00 - DEWEY DECIMAL CLASSIFICATION NUMBER | |
| Classification number | 382 NEW 1994 A068 Or. |
| 100 1# - MAIN ENTRY--AUTHOR NAME | |
| Personal name | Reid, Struan. |
| 245 14 - TITLE STATEMENT | |
| Title | The silk and spice routes. |
| 246 30 - VARYING FORM OF TITLE | |
| Title proper/short title | Inventions and trade |
| 260 ## - PUBLICATION, DISTRIBUTION, ETC. (IMPRINT) | |
| Place of publication | New York : |
| Name of publisher | New Discovery, |
| Year of publication | [1994]. |
| 300 ## - PHYSICAL DESCRIPTION | |
| Number of Pages | 43 p. : |
| Other physical details | col. ill. , maps ; |
| Dimensions | 30 cm. |
| 500 ## - GENERAL NOTE | |
| General note | "Integral study of the Silk Roads."Cf. cover. |
| 500 ## - GENERAL NOTE | |
| General note | Includes index. |
| 650 #0 - SUBJECT ADDED ENTRY--TOPICAL TERM | |
| Topical Term | Technological innovations |
| 650 #0 - SUBJECT ADDED ENTRY--TOPICAL TERM | |
| Topical Term | Economic history |
| 650 #0 - SUBJECT ADDED ENTRY--TOPICAL TERM | |
| Topical Term | Inventions |
| 650 #0 - SUBJECT ADDED ENTRY--TOPICAL TERM | |
| Topical Term | Commerce |
| 650 #0 - SUBJECT ADDED ENTRY--TOPICAL TERM | |
| Topical Term | Trade routes |
| 650 #1 - SUBJECT ADDED ENTRY--TOPICAL TERM | |
| Topical Term | Technological innovations. |
| 650 #1 - SUBJECT ADDED ENTRY--TOPICAL TERM | |
| Topical Term | Inventions |
| 650 #1 - SUBJECT ADDED ENTRY--TOPICAL TERM | |
| Topical Term | Commerce |
| 650 #1 - SUBJECT ADDED ENTRY--TOPICAL TERM | |
| Topical Term | Trade routes |
| 942 ## - ADDED ENTRY ELEMENTS (KOHA) | |
| Koha item type | សៀវភៅភាសាអង់គ្លេស |
| 952 ## - LOCATION AND ITEM INFORMATION (KOHA) | |
| Withdrawn status [LOCAL, KOHA] | 0 |
| Permanent Location | Date acquired | Koha item type | Lost status | Shelving location | Barcode | Current Location | Full call number |
|---|---|---|---|---|---|---|---|
| Library Block A | 2017-11-01 | សៀវភៅភាសាអង់គ្លេស | A068 | A20986 | Library Block A | 382 NEW 1994 A068 Or. |